Reflexividad y territorios sostenibles : la valoración ambiental participativa en Soacha (Registro nro. 597240)

Detalles MARC
001 - NÚMERO DE CONTROL
campo de control 1265103
005 - FECHA Y HORA DE LA ÚLTIMA TRANSACCIÓN
campo de control 20240815090548.0
008 - DATOS DE LONGITUD FIJA--INFORMACIÓN GENERAL
campo de control de longitud fija 111121s2010 spa
035 ## - NÚMERO DE CONTROL DEL SISTEMA
Número de control de sistema 1265103
035 ## - NÚMERO DE CONTROL DEL SISTEMA
Número de control de sistema (OCoLC)820619162
040 ## - FUENTE DE LA CATALOGACIÓN
Centro/agencia transcriptor comduadb
041 ## - CÓDIGO DE LENGUA
Código de lengua del texto/banda sonora o título independiente spa
100 10 - ENTRADA PRINCIPAL--NOMBRE DE PERSONA
Nombre de persona Palacio Tamayo, Dolly Cristina
Código de función aut
Término indicativo de función/relación Autor/a
9 (RLIN) 629834
245 10 - MENCIÓN DE TÍTULO
Título Reflexividad y territorios sostenibles : la valoración ambiental participativa en Soacha
260 ## - PUBLICACIÓN, DISTRIBUCIÓN, ETC.
Fecha de publicación, distribución, etc. 2010.
650 ## - PUNTO DE ACCESO ADICIONAL DE MATERIA--TÉRMINO DE MATERIA
Término de materia o nombre geográfico como elemento de entrada Construcción social
9 (RLIN) 139701
650 ## - PUNTO DE ACCESO ADICIONAL DE MATERIA--TÉRMINO DE MATERIA
Término de materia o nombre geográfico como elemento de entrada Entorno sociocultural
9 (RLIN) 100400
650 #7 - PUNTO DE ACCESO ADICIONAL DE MATERIA--TÉRMINO DE MATERIA
Término de materia o nombre geográfico como elemento de entrada Participación ciudadana
Fuente del encabezamiento o término lemb
9 (RLIN) 64098
650 #0 - PUNTO DE ACCESO ADICIONAL DE MATERIA--TÉRMINO DE MATERIA
Término de materia o nombre geográfico como elemento de entrada Redes sociales
9 (RLIN) 52123
650 ## - PUNTO DE ACCESO ADICIONAL DE MATERIA--TÉRMINO DE MATERIA
Término de materia o nombre geográfico como elemento de entrada Reflexividad
9 (RLIN) 33889
650 ## - PUNTO DE ACCESO ADICIONAL DE MATERIA--TÉRMINO DE MATERIA
Término de materia o nombre geográfico como elemento de entrada Valoración ambiental
9 (RLIN) 49547
650 ## - PUNTO DE ACCESO ADICIONAL DE MATERIA--TÉRMINO DE MATERIA
Término de materia o nombre geográfico como elemento de entrada Soacha (Cundinamarca)
9 (RLIN) 65272
773 0# - ENLACE AL DOCUMENTO FUENTE/ENTRADA DE REGISTRO ANFITRIÓN
Título Trabajo Social (Bogotá)
Parte(s) relacionada(s) No. 12, Ene.-Dic. 2010, 101-118
Número de control del registro 612515
Número Internacional Normalizado para Publicaciones Seriadas 0123-4986
Número bibliográfico anfitrión 184896
942 ## - ELEMENTOS DE ENTRADA AGREGADA (KOHA)
Tipo de ítem Koha Artículo de Revista

No hay ítems disponibles.